000 01040cam a2200205 4500
001 WB3821-02
008 020613n2002 000 0 eng u
035 _a(Sirsi) u118415
245 _aAuctioneer sues vendor over painting claim
260 _c2002
490 _aRICS Antiques & Fine Art Faculty News
_v13 June 2002, (1)
520 _aAuctioneers Andrew Smith & Son have successfully sued a vendor who failed to disclose that he had sought expert opinion on a painting and denied receiving a letter confiming that the painting he was selling was not by the artist Nussbaum as he claimed. "Held" that a vendor has a duty of care to ensure that goods offered for auction are authentic. The case has important implications for auctioneers and vendors alike. http://www.rics.org/ricscms/bin/show?class=News&template=/includes/shownews.html&id=2780
590 _aWB
650 _aAUCTIONEERS
650 _aEXPERT OPINION
650 _aVENDORS
650 _aSURVEYORS' DUTY OF CARE
690 _aArts and antiques
_96217
942 _n0
999 _c70487
_d70487